La legibilidad del mundo

Uloženo v:
Podrobná bibliografie
Hlavní autor: Blumenberg, Hans (Autor)
Médium: Kniha
Jazyk:španělština
Vydáno: Barcelona Paidós Ibérica 2000
Edice:Paidós Básica, 106
Témata:
Tagy: Přidat tag
Žádné tagy, Buďte první, kdo vytvoří štítek k tomuto záznamu!

MARC

LEADER 00000cam a2200000 a 4500
001 UCG9659
003 CL-VaPUC
008 120323e20000000SP |||||||||||||||||spa|d
020 |a 8449309743 
082 0 4 |a 193  |b BLU  |2 21 
100 0 |a Blumenberg, Hans  |e author  |9 561281 
245 1 3 |a La legibilidad del mundo 
300 |a 413 p 
942 |c BK 
945 |d 20120323 00:00:00  |a dcastane 
260 |a Barcelona  |b Paidós Ibérica  |c 2000 
650 0 |a Filosofía alemana   |9 265002 
650 0 |a Filosofía (contemporánea)  |y S.XX (Siglo 20)  |9 267050 
583 |a last modification  |c 20120930 09:36:04  |k Rodrigo Vera 
490 0 |a Paidós Básica, 106 
999 |c 347205  |d 347203 
952 |0 0  |1 0  |4 0  |6 193_000000000000000_BLU_2000  |7 0  |8 A  |9 448381  |a BIBART  |b BIBART  |d 2019-11-22  |i 4807073  |o 193 BLU 2000  |p 4807073  |r 2025-03-13  |w 2019-11-22  |y BK  |k ART